| 000 | 00914nam a2200277 a 4500 | ||
|---|---|---|---|
| 008 | |||
| 020 | _a0130471771 (pbk. ) | ||
| 049 | 0 | _aMAIN | |
| 090 | _aQA76.73 HOR | ||
| 100 | 1 | _aHorstmann, Cay S. | |
| 245 | 1 | 0 |
_aCore Java 2. _nVol. I, _pFundamentals / _cCay S. Horstmann, Gary Cornell. |
| 250 | _a[Rev. & expanded 5th ed.] | ||
| 260 |
_aPalo Alto : _bSun Microsystems Press, _cc2003. |
||
| 300 |
_axxi, 728 p. : _bill. ; _c24 cm. + _e1 computer optical disc (4 3/4 in.) |
||
| 440 | 4 | _aThe Sun Microsystems Press Java series | |
| 500 | _aIncludes index. | ||
| 500 | _a"Covers J2SE versions 1.3/1.4"--Cover. | ||
| 500 | _a"A Prentice Hall title." | ||
| 650 | 0 | _aJava (Computer program language) | |
| 700 | 1 | _aCornell, Gary. | |
| 907 |
_a.b10222625 _b22-02-07 _c12-12-06 |
||
| 003 | |||
| 005 | 20230123134312.0 | ||
| 040 | _cNUST | ||
| 942 |
_cBOOKS _kQA76.73 HOR |
||
| 999 |
_c163537 _d163537 |
||